| 000 | 00323nam a2200109 4500 | ||
|---|---|---|---|
| 999 |
_c13699 _d13699 |
||
| 008 | 190402b ||||| |||| 00| 0 eng d | ||
| 245 | _aAntibiotics for appendicitis? surgery often not needed. | ||
| 260 |
_aPhilippines: _bThe Philippine Star; _cc2018. |
||
| 300 | _apage A20. | ||
| 650 | 0 |
_938096 _aMedicine. |
|
| 942 |
_2ddc _cPER |
||